[Event "C.to Mondiale U14 femminile"]
[Site "Al Ain UAE"]
[Date "2013.??.??"]
[Round "1"]
[White "Di Benedetto, Desiree"]
[Black "Ivanyan, Ani"]
[WhiteElo "1861"]
[BlackElo "1490"]
[Result "0-1"]
[PlyCount "88"]
[EventDate "2013.12.18"]

1. e4 c5 2. Nf3 d6 3. d4 cxd4 4. Qxd4 Nc6 5. Bb5 Bd7 6. Bxc6 Bxc6 7. c4 Nf6 8.
Nc3 e6 9. b3 Be7 10. O-O O-O 11. Bb2 Qb6 12. Qxb6 axb6 13. Rfe1 Rfd8 14. Rad1
Nd7 15. Nd4 Nc5 16. f4 e5 17. Nf5 Bf8 18. fxe5 dxe5 19. Rxd8 Rxd8 20. Nd5 Bxd5
21. exd5 g6 22. Ng3 Nd3 23. Re2 Nxb2 24. Rxb2 f5 25. Kf1 b5 26. Ne2 bxc4 27.
bxc4 Rc8 28. Rc2 b5 29. Rb2 bxc4 30. Nc3 e4 31. Rc2 Rc5 32. Ke2 Bd6 33. h3 Kf7
34. Ke3 Be5 35. a4 Bxc3 36. Rxc3 Rxd5 37. Rxc4 Rd3+ 38. Kf4 Ke6 39. a5 Ra3 40.
g4 Rxa5 41. gxf5+ gxf5 42. Rc7 Ra3 43. Rc8 Rf3+ 44. Kg5 Rxh3 0-1

[Event "C.to Mondiale U14 femminile"]
[Site "Al Ain UAE"]
[Date "2013.12.19"]
[Round "2"]
[White "Gospodinova, Nikoleta"]
[Black "Di Benedetto, Desiree"]
[WhiteElo "1516"]
[BlackElo "1861"]
[Result "0-1"]
[PlyCount "90"]
[EventDate "2013.12.18"]

1. e4 e6 2. d3 d5 3. Nd2 Nf6 4. Ngf3 c5 5. g3 Nc6 6. Bg2 Be7 7. O-O dxe4 8.
dxe4 e5 9. h3 Qc7 10. c3 h6 11. Re1 Bd7 12. Nf1 O-O-O 13. Qc2 Be6 14. a3 c4 15.
Ne3 g6 16. Nd2 Na5 17. Qa4 Bc5 18. Bf1 Bxe3 19. Rxe3 Nd7 20. Nf3 Nb3 21. Rb1 a6
22. Qb4 Qc6 23. a4 b5 24. axb5 axb5 25. Nd2 Nxd2 26. Bxd2 Nc5 27. Be1 Nb3 28.
Qe7 Rhe8 29. Qf6 Qc5 30. Qf3 Rd7 31. h4 h5 32. Be2 Bg4 33. Qg2 Bxe2 34. Rxe2
Red8 35. Kh2 Qa7 36. Qh3 Kc7 37. Qf1 Qa2 38. Bd2 Nxd2 39. Rxd2 Rxd2 40. Qe1
Rxb2 41. Ra1 Rxf2+ 42. Kg1 Rg2+ 43. Kf1 Qd2 44. Ra7+ Kb8 45. Rxf7 Rg1+ 0-1

[Event "C.to Mondiale U14 femminile"]
[Site "Al Ain UAE"]
[Date "2013.12.20"]
[Round "3"]
[White "Di Benedetto, Desiree"]
[Black "Karimzada, Narmin Niyazi Qizi"]
[WhiteElo "1861"]
[BlackElo "1662"]
[Result "1-0"]
[PlyCount "71"]
[EventDate "2013.12.18"]

1. e4 c5 2. Nf3 Nc6 3. Bb5 Nf6 4. e5 Nd5 5. O-O g6 6. c3 Bg7 7. Re1 O-O 8. d4
cxd4 9. cxd4 d6 10. h3 Bf5 11. Na3 Rc8 12. Bd2 a6 13. Bc4 Nb6 14. Bb3 dxe5 15.
dxe5 Qc7 16. Qe2 Rcd8 17. Bc3 Nd5 18. Rac1 Nf4 19. Qe3 Nd3 20. e6 f6 21. g4
Nxc1 22. Rxc1 Bd3 23. Nd4 Nxd4 24. Bxd4 Qxc1+ 25. Qxc1 Rxd4 26. Qc5 f5 27. Qxe7
fxg4 28. Qxb7 Re8 29. e7+ Kh8 30. Qc6 Rdd8 31. exd8=Q Rxd8 32. hxg4 Bxb2 33.
Nc4 Bd4 34. Nd6 Rf8 35. Nf7+ Kg7 36. Qd7 1-0

[Event "C.to Mondiale U14 femminile"]
[Site "Al Ain UAE"]
[Date "2013.12.21"]
[Round "4"]
[White "Di Benedetto, Desiree"]
[Black "Tsolakidou, Stavroula"]
[WhiteElo "1861"]
[BlackElo "2132"]
[Result "0-1"]
[PlyCount "70"]
[EventDate "2013.12.18"]

1. e4 c5 2. Nf3 d6 3. d4 cxd4 4. Qxd4 e5 5. Bb5+ Nd7 6. Qd3 h6 7. c4 a6 8.
Bxd7+ Bxd7 9. Nc3 Nf6 10. O-O Be7 11. b3 Bc6 12. Rd1 O-O 13. h3 Qe8 14. Be3 b5
15. Nd2 b4 16. Nd5 Nxd5 17. cxd5 Bb5 18. Nc4 f5 19. Bd2 fxe4 20. Qxe4 Bd7 21.
Bxb4 Rf4 22. Qe1 Qg6 23. Kh2 Raf8 24. Rd2 Bh4 25. Nxe5 dxe5 26. Bxf8 Rxf8 27.
Qg1 Bg5 28. Re2 Bf4+ 29. g3 Qh5 30. Qf1 Bxg3+ 31. Kg1 Bxh3 32. Qe1 Bh2+ 33.
Kxh2 Bg4+ 34. Kg1 Bf3 35. Rxe5 Qh1# 0-1

[Event "C.to Mondiale U14 femminile"]
[Site "Al Ain UAE"]
[Date "2013.12.21"]
[Round "5"]
[White "Gharibyan, Mane"]
[Black "Di Benedetto, Desiree"]
[WhiteElo "1631"]
[BlackElo "1861"]
[Result "0-1"]
[PlyCount "122"]
[EventDate "2013.12.18"]

1. e4 e6 2. d4 d5 3. Nd2 c5 4. exd5 Qxd5 5. Ngf3 cxd4 6. Bc4 Qd6 7. O-O Nf6 8.
Nb3 Nc6 9. Nbxd4 Nxd4 10. Qxd4 Qxd4 11. Nxd4 Bd7 12. Be3 Rc8 13. Bb3 Bc5 14. c3
O-O 15. Nc2 Bxe3 16. Nxe3 Bc6 17. Rfd1 Rfd8 18. Kf1 Kf8 19. Ke2 Ke7 20. a4 Rd7
21. Rxd7+ Nxd7 22. Bc2 h6 23. b4 Nf6 24. c4 a5 25. b5 Be4 26. Bd1 b6 27. f3 Bb7
28. Rc1 Nd7 29. Nf1 Ne5 30. Nd2 Nd7 31. Ke3 Nc5 32. Nb3 Kd6 33. Bc2 Nxb3 34.
Rd1+ Nd2 35. Rxd2+ Ke7 36. Rd4 Rc7 37. g3 f6 38. f4 Rd7 39. Bg6 Rxd4 40. Kxd4
Kd6 41. Bc2 e5+ 42. fxe5+ fxe5+ 43. Kc3 Kc5 44. Bd3 Bf3 45. Bf1 e4 46. Kd2 Kd4
47. h4 g5 48. hxg5 hxg5 49. Ke1 e3 50. Bh3 Kxc4 51. Bf5 Kb4 52. Bc2 Kc3 53. Bf5
Bd5 54. Ke2 Kd4 55. Bc2 Bc4+ 56. Ke1 Kc3 57. Bd1 Bb3 58. Bxb3 Kxb3 59. Ke2 Kxa4
60. g4 Kxb5 61. Kxe3 a4 0-1

[Event "C.to Mondiale U14 femminile"]
[Site "Al Ain UAE"]
[Date "2013.12.22"]
[Round "6"]
[White "Yagi, Rita"]
[Black "Di Benedetto, Desiree"]
[WhiteElo "1751"]
[BlackElo "1861"]
[Result "0-1"]
[PlyCount "154"]
[EventDate "2013.12.18"]

1. e4 e6 2. d4 d5 3. exd5 exd5 4. Nc3 Nf6 5. Bg5 c6 6. Bd3 h6 7. Bh4 Bd6 8. Qf3
Bg4 9. Qe3+ Be6 10. Nge2 O-O 11. h3 Re8 12. Qf3 Nbd7 13. O-O-O b5 14. Rdg1 b4
15. Nd1 Qa5 16. Kb1 c5 17. dxc5 Bxc5 18. Nc1 d4 19. Bxf6 Nxf6 20. Nb3 Qc7 21.
Bb5 Bd5 22. Qd3 Be4 23. Qc4 Rec8 24. f3 Bd5 25. Qd3 a5 26. Ba4 Qf4 27. Re1 Bb6
28. Nf2 Bc4 29. Qd2 Qxd2 30. Nxd2 Ba6 31. Bb3 Rc7 32. Re5 Rac8 33. Rhe1 Kf8 34.
Ba4 Rd8 35. Bb5 Bxb5 36. Rxb5 Rc6 37. Nd3 Nd5 38. Ne5 Re6 39. Ndc4 Bc7 40. Kc1
Bxe5 41. Rxe5 Rxe5 42. Nxe5 Ne3 43. Rxa5 Rc8 44. Nd7+ Ke7 45. Nc5 Nxg2 46. Nd3
Ne3 47. Nxb4 Nxc2 48. Nxc2 d3 49. Rd5 Rxc2+ 50. Kb1 Rd2 51. b4 Ke6 52. Rd8 Rh2
53. Rxd3 Rxh3 54. b5 Rh4 55. Rb3 Kd7 56. Kc1 Ra4 57. a3 Kc7 58. Re3 Kb6 59. Re7
Rf4 60. a4 h5 61. Rd7 Rf6 62. Rd5 h4 63. Kd2 h3 64. Ke2 Rh6 65. Rd1 h2 66. Rh1
Ka5 67. Kf2 Kxa4 68. Kg2 Kxb5 69. Rxh2 Rxh2+ 70. Kxh2 Kc4 71. Kg3 Kd4 72. Kg4
Ke5 73. Kh3 Kf4 74. Kg2 f5 75. Kf2 g5 76. Kg2 Ke3 77. Kg3 f4+ 0-1

[Event "C.to Mondiale U14 femminile"]
[Site "Al Ain UAE"]
[Date "2013.12.23"]
[Round "7"]
[White "Di Benedetto, Desiree"]
[Black "Bakshi, Rutuja"]
[WhiteElo "1861"]
[BlackElo "1950"]
[Result "1/2-1/2"]
[PlyCount "89"]
[EventDate "2013.12.18"]

1. e4 Nf6 2. e5 Nd5 3. d4 d6 4. Bc4 Nb6 5. Bb3 Nc6 6. e6 fxe6 7. Nf3 Nd5 8. Ng5
Nf6 9. Nxe6 Qd7 10. Ng5 d5 11. c3 h6 12. Nf3 Qd6 13. Bc2 Bg4 14. Bg6+ Kd7 15.
h3 Qe6+ 16. Be3 Bf5 17. Bxf5 Qxf5 18. Nbd2 e6 19. g4 Qd3 20. Ne5+ Nxe5 21. dxe5
Ne4 22. Qa4+ b5 23. Qd4 Qxd4 24. cxd4 Bb4 25. f3 Ng5 26. Bxg5 hxg5 27. Ke2 Raf8
28. Nb3 Kc6 29. Rac1+ Kb6 30. Nc5 Bxc5 31. Rxc5 c6 32. b4 Ra8 33. a4 bxa4 34.
Ra5 a6 35. Rxa4 Kb5 36. Ra5+ Kb6 37. Rc5 a5 38. bxa5+ Rxa5 39. Rxa5 Kxa5 40.
Ra1+ Kb6 41. Rb1+ Kc7 42. Ra1 Kb7 43. Rb1+ Kc7 44. Ra1 Kb7 45. Rb1+ 1/2-1/2

[Event "C.to Mondiale U14 femminile"]
[Site "Al Ain UAE"]
[Date "2013.12.24"]
[Round "8"]
[White "Kazarian, Anna Maja"]
[Black "Di Benedetto, Desiree"]
[WhiteElo "1971"]
[BlackElo "1861"]
[Result "1-0"]
[PlyCount "97"]
[EventDate "2013.12.18"]

1. e4 e6 2. d4 d5 3. exd5 exd5 4. c4 Nf6 5. Nc3 dxc4 6. Bxc4 Bd6 7. Nge2 O-O 8.
O-O h6 9. f3 Nc6 10. Be3 Bf5 11. Bf2 a6 12. a3 b5 13. Bd3 Bxd3 14. Qxd3 Ne7 15.
Rfd1 Nfd5 16. a4 c6 17. Ne4 Qc7 18. Bg3 Bxg3 19. N2xg3 Qb6 20. a5 Qc7 21. Nc5
Qf4 22. Re1 Rfe8 23. Qe4 Qd2 24. Re2 Qb4 25. Nd3 Qd6 26. Qe5 Qd8 27. Nc5 Kf8
28. Rae1 Qc7 29. Qxc7 Nxc7 30. Nd7+ Kg8 31. Rxe7 Rxe7 32. Rxe7 Rd8 33. Nf6+
gxf6 34. Rxc7 Rxd4 35. Rxc6 Rd1+ 36. Nf1 Rb1 37. Rxa6 Rxb2 38. Rb6 Kg7 39. Ne3
b4 40. Nc4 Rb1+ 41. Kf2 b3 42. Nd2 Rb2 43. Ke3 Ra2 44. Nxb3 Rxg2 45. a6 Rxh2
46. Nd2 Rh5 47. Nc4 Rc5 48. a7 Rc8 49. Rb8 1-0

[Event "C.to Mondiale U14 femminile"]
[Site "Al Ain UAE"]
[Date "2013.12.26"]
[Round "9"]
[White "Di Benedetto, Desiree"]
[Black "Sherif, Amina"]
[WhiteElo "1861"]
[BlackElo "1689"]
[Result "0-1"]
[PlyCount "98"]
[EventDate "2013.12.18"]

1. e4 d5 2. exd5 Qxd5 3. Nc3 Qd6 4. Bc4 Nf6 5. d3 a6 6. a4 Nc6 7. Nge2 Bg4 8.
f3 Bf5 9. Bf4 Qd7 10. Ng3 Bg6 11. O-O Qd4+ 12. Kh1 Qxf4 13. Nge4 Nxe4 14. fxe4
Qe5 15. Ne2 e6 16. Nf4 Bd6 17. c3 Qg5 18. g3 Ne5 19. Bb3 h5 20. Ng2 O-O-O 21.
Bc2 Ng4 22. Qe2 h4 23. gxh4 Rxh4 24. Nxh4 Qxh4 25. Qg2 Rh8 26. h3 Ne3 27. Qf3
Nxf1 28. Rxf1 Qxh3+ 29. Qxh3 Rxh3+ 30. Kg1 Rh2 31. Rf2 Rxf2 32. Kxf2 Bf4 33. b3
Bd2 34. c4 Kd7 35. Ke2 Bg5 36. d4 e5 37. d5 Kd6 38. Kd3 Kc5 39. Bd1 f5 40. exf5
Bxf5+ 41. Kc3 e4 42. b4+ Kd6 43. Kd4 Bf6+ 44. Ke3 Ke5 45. Bb3 Bg5+ 46. Ke2 Bg4+
47. Ke1 Bh4+ 48. Kd2 Kd4 49. c5 e3+ 0-1

[Event "C.to Mondiale U14 femminile"]
[Site "Al Ain UAE"]
[Date "2013.12.27"]
[Round "10"]
[White "Manasa, H.R."]
[Black "Di Benedetto, Desiree"]
[WhiteElo "1677"]
[BlackElo "1861"]
[Result "1/2-1/2"]
[PlyCount "45"]
[EventDate "2013.12.18"]

1. e4 e6 2. d4 d5 3. exd5 exd5 4. Bd3 Nc6 5. c3 Bd6 6. Nf3 Nge7 7. O-O O-O 8.
Bg5 h6 9. Bh4 Bg4 10. Nbd2 Qd7 11. Qc2 Bf5 12. Bg3 Bxg3 13. hxg3 Bxd3 14. Qxd3
Qf5 15. Qxf5 Nxf5 16. Rae1 Rfe8 17. g4 Nd6 18. Ne5 Ne4 19. Nxe4 dxe4 20. Nxc6
bxc6 21. Re3 Re6 22. Rfe1 Rae8 23. a3 1/2-1/2

[Event "C.to Mondiale U14 femminile"]
[Site "Al Ain UAE"]
[Date "2013.12.28"]
[Round "11"]
[White "Di Benedetto, Desiree"]
[Black "Jacobsen, Elise Sjottem"]
[WhiteElo "1861"]
[BlackElo "1634"]
[Result "1-0"]
[PlyCount "63"]
[EventDate "2013.12.18"]

1. e4 c5 2. Nf3 d6 3. d4 cxd4 4. Qxd4 Nc6 5. Bb5 e5 6. Qd3 a6 7. Bxc6+ bxc6 8.
c4 Be7 9. O-O Nf6 10. Nc3 O-O 11. c5 Qc7 12. cxd6 Bxd6 13. Rd1 Rd8 14. Bg5 Be7
15. Qe2 Bg4 16. h3 Bh5 17. Rxd8+ Rxd8 18. Qxa6 Bxf3 19. gxf3 Nh5 20. Be3 Rb8
21. b3 Bb4 22. Ne2 Qd7 23. Kh2 Bd2 24. Rd1 Nf4 25. Nxf4 exf4 26. Rxd2 Qc7 27.
Bc5 Rb5 28. Bd6 Qd8 29. Bxf4 Qe7 30. Qa8+ Qf8 31. Rd8 Qxd8 32. Qxd8# 1-0

[Event "C.to Mondiale U16 femminile"]
[Site "Al Ain UAE"]
[Date "2013.12.18"]
[Round "1"]
[White "Shao, Stephanie"]
[Black "Santeramo, Alessia Carmen"]
[WhiteElo "1673"]
[BlackElo "1983"]
[Result "0-1"]
[PlyCount "70"]
[EventDate "2013.12.18"]

1. e4 c5 2. Nc3 Nc6 3. f4 g6 4. Nf3 Bg7 5. Bb5 Nd4 6. O-O a6 7. Be2 e6 8. e5 d5
9. d3 Ne7 10. Nxd4 cxd4 11. Nb1 O-O 12. Bf3 Bd7 13. Nd2 Rc8 14. Nb3 Nc6 15. Bd2
b5 16. Rc1 Qb6 17. Qe1 b4 18. Qf2 f6 19. exf6 Rxf6 20. c3 Rff8 21. Kh1 a5 22.
cxd4 Bxd4 23. Nxd4 Qxd4 24. Qxd4 Nxd4 25. Bg4 h5 26. Bh3 Kf7 27. Rfe1 Bb5 28.
Be3 Nc2 29. Re2 Nxe3 30. Bxe6+ Kxe6 31. Rxe3+ Kf6 32. Rce1 Rfe8 33. Re5 Rxe5
34. fxe5+ Ke6 35. d4 Rc2 0-1

[Event "C.to Mondiale U16 femminile"]
[Site "Al Ain UAE"]
[Date "2013.12.19"]
[Round "2"]
[White "Santeramo, Alessia Carmen"]
[Black "Vidic, Teja"]
[WhiteElo "1983"]
[BlackElo "1882"]
[Result "1-0"]
[PlyCount "65"]
[EventDate "2013.12.18"]

1. e4 e5 2. f4 exf4 3. Nf3 Ne7 4. d4 d5 5. Nc3 dxe4 6. Nxe4 Ng6 7. h4 Bg4 8. h5
Nh4 9. Bxf4 Bxh5 10. Qe2 Be7 11. Qb5+ Nc6 12. Qxh5 g6 13. Qb5 Nxf3+ 14. gxf3 f5
15. Nf2 Qxd4 16. Nd3 O-O-O 17. O-O-O Nb4 18. Qe5 Qb6 19. Nxb4 Bxb4 20. Bc4 Kb8
21. Rxd8+ Rxd8 22. Bg5 Rf8 23. Rd1 a6 24. Be3 Qc6 25. Qd4 b6 26. Bd5 Qb5 27.
Bf4 Rd8 28. Qc4 Qxc4 29. Bxc4 Bd6 30. Bxd6 Rxd6 31. Rxd6 cxd6 32. Kd2 b5 33.
Bg8 1-0

[Event "C.to Mondiale U16 femminile"]
[Site "Al Ain UAE"]
[Date "2013.12.20"]
[Round "3"]
[White "Khademalsharieh, Sarasadat"]
[Black "Santeramo, Alessia Carmen"]
[WhiteElo "2298"]
[BlackElo "1983"]
[Result "1-0"]
[PlyCount "71"]
[EventDate "2013.12.18"]

1. d4 Nf6 2. Nf3 g6 3. c4 Bg7 4. g3 O-O 5. Bg2 d6 6. O-O c6 7. Nc3 Nbd7 8. e4
e5 9. h3 exd4 10. Nxd4 Qb6 11. Nc2 Ne8 12. Bd2 Ne5 13. b3 a5 14. Be3 Qc7 15.
Nd4 Nf6 16. Re1 Re8 17. Qc2 Ned7 18. Rad1 Nh5 19. Qd2 Ne5 20. f4 Nd7 21. g4
Nhf6 22. Nde2 Nc5 23. e5 Nfd7 24. exd6 Qd8 25. Ng3 a4 26. b4 Ne6 27. c5 Nf6 28.
f5 Nf8 29. g5 N6d7 30. f6 Nxf6 31. gxf6 Qxf6 32. Nce4 Qd8 33. Bg5 Qd7 34. Nf6+
Bxf6 35. Bxf6 Re6 36. Be5 1-0

[Event "C.to Mondiale U16 femminile"]
[Site "Al Ain UAE"]
[Date "2013.12.21"]
[Round "4"]
[White "Santeramo, Alessia Carmen"]
[Black "Wafa, Shahenda"]
[WhiteElo "1983"]
[BlackElo "1883"]
[Result "0-1"]
[PlyCount "160"]
[EventDate "2013.12.18"]

1. e4 c5 2. Nf3 Nc6 3. Bb5 g6 4. O-O Bg7 5. c3 e5 6. b4 cxb4 7. cxb4 Nge7 8.
Bb2 Qb6 9. a4 a6 10. Bxc6 Nxc6 11. Nc3 Nxb4 12. a5 Qd8 13. Ba3 Nc6 14. Nd5 d6
15. Nb6 Rb8 16. Nc4 Bf8 17. d4 Bg4 18. dxe5 dxe5 19. Qxd8+ Rxd8 20. Nfxe5 Be2
21. Rfc1 Bxc4 22. Nxc4 Bxa3 23. Rxa3 Nd4 24. Rac3 O-O 25. Nb6 Rd6 26. Kf1 Nc6
27. Ra3 f5 28. Nc4 Re6 29. e5 f4 30. Re1 Rfe8 31. Nd6 R8e7 32. Nc8 Rc7 33. Nb6
Rxe5 34. Rxe5 Nxe5 35. Ra2 Rc5 36. Ke2 Kf7 37. Kd2 Nc6 38. Ra4 Nxa5 39. Rxf4+
Ke6 40. Kd3 Rc6 41. Re4+ Kd6 42. Rd4+ Ke6 43. Re4+ Kf5 44. g4+ Kg5 45. Nd5 Rd6
46. Kd4 b5 47. h3 Nc4 48. f4+ Kh6 49. Kc5 Rd7 50. Re6 Nb2 51. Kc6 Rf7 52. Nf6
Kg7 53. g5 Nd3 54. Re3 Rf8 55. Re7+ Rf7 56. Re4 Nf2 57. Re3 b4 58. Rb3 a5 59.
Kb5 Ra7 60. Kb6 Ra8 61. Kb7 Rf8 62. Kb6 a4 63. Rxb4 Rb8+ 64. Ka5 Ra8+ 65. Kb5
a3 66. Rc4 a2 67. Rc7+ Kf8 68. Nxh7+ Ke8 69. Nf6+ Kd8 70. Rd7+ Kc8 71. Kb6 Ra6+
72. Kxa6 a1=Q+ 73. Kb6 Qxf6+ 74. gxf6 Kxd7 75. Kc5 Ke6 76. Kd4 Kxf6 77. h4 Kf5
78. Ke3 Nh3 79. h5 gxh5 80. Kf3 Nxf4 0-1

[Event "C.to Mondiale U16 femminile"]
[Site "Al Ain UAE"]
[Date "2013.12.21"]
[Round "5"]
[White "Grgic, Neomi"]
[Black "Santeramo, Alessia Carmen"]
[WhiteElo "1882"]
[BlackElo "1983"]
[Result "1/2-1/2"]
[PlyCount "70"]
[EventDate "2013.12.18"]

1. e4 c5 2. Nf3 e6 3. d4 cxd4 4. Nxd4 a6 5. Bd3 Qc7 6. O-O Nf6 7. Qe2 d6 8. c4
g6 9. Nc3 Bg7 10. Be3 Nc6 11. Nxc6 bxc6 12. Rfd1 O-O 13. Rd2 Bb7 14. Rad1 d5
15. exd5 cxd5 16. cxd5 Nxd5 17. Nxd5 Bxd5 18. Bxa6 Bxa2 19. b4 Bd5 20. b5 Bc4
21. Qg4 Bb3 22. Rb1 Qc4 23. Qxc4 Bxc4 24. Rd7 Rfd8 25. Rxd8+ Rxd8 26. g3 Bd3
27. Rd1 Bf6 28. Bb6 Rd5 29. f4 Be2 30. Rxd5 exd5 31. Kf2 Bc4 32. Ke3 Kf8 33.
Bd4 Be7 34. Bb6 Bf6 35. g4 h6 1/2-1/2

[Event "C.to Mondiale U16 femminile"]
[Site "Al Ain UAE"]
[Date "2013.??.??"]
[Round "6"]
[White "Santeramo, Alessia Carmen"]
[Black "Patel, Yesim"]
[WhiteElo "1983"]
[BlackElo "1860"]
[Result "0-1"]
[PlyCount "33"]
[EventDate "2013.12.18"]

1. e4 c5 2. Nf3 Nc6 3. Bb5 g6 4. O-O Bg7 5. Re1 Nf6 6. c3 O-O 7. d4 d5 8. e5
Ne4 9. Nbd2 cxd4 10. cxd4 Qb6 11. Bxc6 Qxc6 12. Nxe4 dxe4 13. d5 Qc4 14. Ng5
Rd8 15. d6 exd6 16. Nxe4 Bxe5 17. Bg5 {...} 0-1

[Event "C.to Mondiale U16 femminile"]
[Site "Al Ain UAE"]
[Date "2013.12.23"]
[Round "7"]
[White "Markaki, Sofia"]
[Black "Santeramo, Alessia Carmen"]
[WhiteElo "1789"]
[BlackElo "1983"]
[Result "0-1"]
[PlyCount "108"]
[EventDate "2013.12.18"]

1. e4 c5 2. Nf3 e6 3. d4 cxd4 4. Nxd4 a6 5. Bd3 Nf6 6. e5 Qa5+ 7. Nc3 Qxe5+ 8.
Nde2 Bb4 9. O-O O-O 10. Bf4 Qa5 11. a3 Be7 12. Ng3 d5 13. Nh5 Nbd7 14. Re1 Qd8
15. Qf3 Nxh5 16. Qxh5 Nf6 17. Qe2 Nd7 18. Qh5 g6 19. Qf3 Bf6 20. Qg3 Nc5 21.
Bf1 Re8 22. Rad1 Bd7 23. Bc7 Qc8 24. Be5 Bxe5 25. Qxe5 Bc6 26. Ne2 Nd7 27. Qg3
Bb5 28. Nc3 Bxf1 29. Rxf1 Qb8 30. Qh4 Qd8 31. Qh6 Qf6 32. Rd3 Qg7 33. Qh4 Rac8
34. Rfd1 Ne5 35. Rh3 Nc4 36. Rb1 Nxb2 37. Qb4 Nc4 38. a4 Rc7 39. Rd3 Rec8 40.
Ne2 Ne5 41. Rdb3 Nc4 42. a5 Qe5 43. Ng3 Qd6 44. Qe1 Qe7 45. Ne2 Na3 46. R1b2
Nxc2 47. Qd1 Na3 48. g3 Nb5 49. Kg2 Rc4 50. Nf4 Qc7 51. Nd3 d4 52. Kh3 e5 53.
Qf3 Qd7+ 54. g4 Rc3 0-1

[Event "C.to Mondiale U16 femminile"]
[Site "Al Ain UAE"]
[Date "2013.12.24"]
[Round "8"]
[White "Santeramo, Alessia Carmen"]
[Black "Baldi, Valentine"]
[WhiteElo "1983"]
[BlackElo "1877"]
[Result "1/2-1/2"]
[PlyCount "94"]
[EventDate "2013.12.18"]

1. e4 c6 2. d4 d5 3. Nc3 dxe4 4. Nxe4 Bf5 5. Ng3 Bg6 6. h4 h6 7. Nf3 Nd7 8. h5
Bh7 9. Bd3 Bxd3 10. Qxd3 e6 11. Bf4 Qa5+ 12. Bd2 Qc7 13. O-O-O Ngf6 14. Qe2
O-O-O 15. Ne5 Nxe5 16. dxe5 Nd5 17. f4 Kb8 18. Ne4 Be7 19. Kb1 Qb6 20. Rh3 c5
21. c4 Nb4 22. Bxb4 Rxd1+ 23. Qxd1 cxb4 24. Rd3 Qc6 25. Nd6 Bxd6 26. Rxd6 Qxc4
27. Rd8+ Rxd8 28. Qxd8+ Qc8 29. Qd6+ Ka8 30. Qe7 Qg8 31. Qxb4 a6 32. Kc1 g5 33.
g4 Qd8 34. a3 Qd3 35. fxg5 hxg5 36. h6 Qh3 37. Qf8+ Ka7 38. Qc5+ Ka8 39. Qf8+
Ka7 40. Qg7 Qf1+ 41. Kd2 Qg2+ 42. Ke3 Qg1+ 43. Kd3 Qd1+ 44. Kc3 Qc1+ 45. Kb3
Qd1+ 46. Kc3 Qc1+ 47. Kb3 Qd1+ 1/2-1/2

[Event "C.to Mondiale U16 femminile"]
[Site "Al Ain UAE"]
[Date "2013.12.26"]
[Round "9"]
[White "Mendoza, Shania Mae"]
[Black "Santeramo, Alessia Carmen"]
[WhiteElo "1867"]
[BlackElo "1983"]
[Result "1-0"]
[PlyCount "79"]
[EventDate "2013.12.18"]

1. e4 c5 2. Nf3 e6 3. d4 cxd4 4. Nxd4 a6 5. c4 Nf6 6. Bd3 Nc6 7. Nb3 Qc7 8. O-O
Be7 9. Be3 O-O 10. f4 d6 11. a3 Rd8 12. Nc3 Bf8 13. Rc1 Qe7 14. Bb6 Re8 15. Qf3
g6 16. c5 d5 17. e5 Nh5 18. g4 Ng7 19. Rce1 Qd7 20. Qg3 Kh8 21. Ne2 Be7 22.
Ned4 Bd8 23. Bxd8 Qxd8 24. Nxc6 bxc6 25. Qf2 a5 26. Nd4 Ba6 27. Bxa6 Rxa6 28.
Kh1 Qe7 29. b4 axb4 30. axb4 Rea8 31. f5 exf5 32. gxf5 Ra2 33. Qf4 g5 34. Qf3
R2a3 35. Re3 g4 36. Qxg4 Rxe3 37. f6 Qf8 38. fxg7+ Qxg7 39. Qxg7+ Kxg7 40. Nf5+
1-0

[Event "C.to Mondiale U16 femminile"]
[Site "Al Ain UAE"]
[Date "2013.12.27"]
[Round "10"]
[White "Santeramo, Alessia Carmen"]
[Black "Ghaemmaghami, Pegah"]
[WhiteElo "1983"]
[BlackElo "1723"]
[Result "1-0"]
[PlyCount "159"]
[EventDate "2013.12.18"]

1. e4 e6 2. d4 d5 3. Nc3 Nf6 4. Bg5 Be7 5. e5 Nfd7 6. h4 h6 7. Bxe7 Qxe7 8. Qg4
O-O 9. Nf3 c5 10. O-O-O Nc6 11. Qg3 cxd4 12. Ne2 Qc5 13. Nexd4 Ndxe5 14. Nxe5
Nxd4 15. Bd3 b6 16. Kb1 Nc6 17. Ng4 Kh8 18. Qf4 Qb4 19. Qf3 Nd4 20. Qh3 Nb5 21.
Bxb5 Qxb5 22. Ne5 Ba6 23. g4 Rac8 24. Rc1 d4 25. f4 Bb7 26. Rhe1 Bd5 27. Qa3
Kg8 28. g5 hxg5 29. hxg5 a5 30. g6 fxg6 31. Nxg6 Rfe8 32. Ne7+ Rxe7 33. Qxe7
Qc5 34. Qxc5 bxc5 35. Re5 Rf8 36. Rf1 Rf5 37. a3 Rxe5 38. fxe5 Be4 39. Kc1 Bf5
40. c3 dxc3 41. bxc3 g5 42. Kd2 Kg7 43. Ke3 Kg6 44. Rh1 Bc2 45. Rh2 Bb3 46. Rf2
Kh5 47. Kf3 Bd5+ 48. Kg3 g4 49. Rf6 Kg5 50. Rf4 Bb3 51. Rf8 Bd5 52. Rf7 a4 53.
Rf4 Bb3 54. Rf8 Bd5 55. Rc8 c4 56. Rf8 Be4 57. Rf7 Bc2 58. Rg7+ Kf5 59. Rxg4
Bb3 60. Rd4 Kxe5 61. Kf2 Kf5 62. Ke3 e5 63. Rd2 Kf6 64. Ke4 Ke6 65. Rh2 Kf6 66.
Rh6+ Kg5 67. Rd6 Kg4 68. Kxe5 Kf3 69. Kd4 Ke2 70. Kc5 Ke3 71. Rd4 Ke2 72. Rxc4
Kd3 73. Rh4 Kxc3 74. Rh3+ Kb2 75. Kb4 Kc2 76. Rg3 Kb2 77. Rg2+ Kc1 78. Kc3 Kd1
79. Rb2 Ke1 80. Rxb3 1-0

[Event "C.to Mondiale U16 femminile"]
[Site "Al Ain UAE"]
[Date "2013.12.28"]
[Round "11"]
[White "Suchomelova, Simona"]
[Black "Santeramo, Alessia Carmen"]
[WhiteElo "1827"]
[BlackElo "1983"]
[Result "1/2-1/2"]
[PlyCount "55"]
[EventDate "2013.12.18"]

1. e4 c5 2. Nf3 e6 3. d4 cxd4 4. Nxd4 a6 5. Bd3 Bc5 6. Nb3 Be7 7. O-O d6 8. Be3
Nf6 9. f4 d5 10. e5 Nfd7 11. a4 b6 12. N1d2 Nc6 13. Nf3 g6 14. c3 Nc5 15. Bc2
Nxb3 16. Bxb3 Qc7 17. Nd4 Na5 18. Kh1 O-O 19. Qe2 Nxb3 20. Nxb3 Bd7 21. Qf2
Rab8 22. Bd4 Rfc8 23. Rfc1 Bc6 24. a5 bxa5 25. Nxa5 Bb5 26. Qg1 Bc4 27. b4 Ra8
28. Re1 1/2-1/2

[Event "C.to Mondiale U18"]
[Site "Al Ain UAE"]
[Date "2013.12.18"]
[Round "1"]
[White "Igonin, Temur"]
[Black "De Filomeno, Simone"]
[WhiteElo "2109"]
[BlackElo "2431"]
[Result "0-1"]
[PlyCount "66"]
[EventDate "2013.12.18"]

1. e4 c5 2. Nf3 d6 3. d4 cxd4 4. Nxd4 Nf6 5. Nc3 a6 6. Bg5 e6 7. f4 h6 8. Bh4
Qb6 9. a3 Nbd7 10. Bf2 Qc7 11. Be2 b5 12. Bf3 Bb7 13. Qe2 Rc8 14. O-O Be7 15.
Rae1 O-O 16. e5 Bxf3 17. gxf3 Nh5 18. Qe3 dxe5 19. fxe5 Bg5 20. Qe4 Bf4 21. Be3
Nc5 22. Ncxb5 axb5 23. Nxb5 Nxe4 24. Nxc7 Ng5 25. Bb6 Rb8 26. Bd4 Rfc8 27. Na6
Rxc2 28. Rf2 Nh3+ 29. Kf1 Rxf2+ 30. Bxf2 Rxb2 31. Re2 Rxe2 32. Kxe2 Nxf2 33.
Kxf2 Bxh2 0-1

1. d4 Nf6 2. c4 g6 3. g3 Bg7 4. Bg2 c5 5. Nf3 O-O 6. O-O Nc6 7. d5 Na5 8. Qc2
d6 9. e4 a6 10. Nbd2 b5 11. Re1 Rb8 12. cxb5 axb5 13. b4 cxb4 14. Bb2 Ba6 15.
Bd4 Nc4 16. Nb3 Rc8 17. Qe2 Na3 18. Rac1 Bh6 19. Rxc8 Qxc8 20. Bxf6 exf6 21.
Nfd4 Re8 22. Qf3 f5 1/2-1/2

1. d4 Nf6 2. c4 g6 3. g3 Bg7 4. Bg2 c5 5. Nf3 O-O 6. O-O Nc6 7. d5 Na5 8. Qc2
d6 9. e4 a6 10. Nbd2 b5 11. Re1 Rb8 12. cxb5 axb5 13. b4 cxb4 14. Bb2 Ba6 15.
Bd4 Nc4 16. Nb3 Rc8 17. Qe2 Na3 18. Rac1 Bh6 19. Rxc8 Qxc8 20. Bxf6 exf6 21.
Nfd4 Re8 22. Qf3 f5 1/2-1/2

[Event "III Weekend A"]
[Site "Novara ITA"]
[Date "2013.11.01"]
[Round "1"]
[White "Cereda, Loris"]
[Black "Razzano, Lorenzo"]
[WhiteElo "2185"]
[BlackElo "1987"]
[Result "1/2-1/2"]
[PlyCount "99"]
[EventDate "2013.11.01"]

1. e4 e5 2. Nf3 Nc6 3. Bc4 Nf6 4. d3 Be7 5. O-O d6 6. c3 O-O 7. Re1 Kh8 8. Bb3
Ng8 9. Nbd2 f5 10. d4 fxe4 11. Nxe4 d5 12. Ng3 e4 13. Ne5 Nf6 14. f3 exf3 15.
Nxf3 Bg4 16. Qd3 Bxf3 17. Qxf3 Ne4 18. Qh5 Bh4 19. Qxd5 Bxg3 20. Qxd8 Bf2+ 21.
Kf1 Raxd8 22. Rxe4 Bxd4+ 23. Ke1 Bf2+ 24. Ke2 Bb6 25. Bf4 g5 26. Bg3 Rd7 27.
Rd1 Rxd1 28. Kxd1 Kg7 29. Ke2 h5 30. h4 g4 31. Bf4 Kg6 32. g3 Rf6 33. Re8 Kh7
34. Bd5 Bc5 35. b4 Bd6 36. Bg5 Rf8 37. Rxf8 Bxf8 38. Bf7 Bg7 39. Kd2 Ne5 40.
Bxh5 Nf3+ 41. Kd3 Nxg5 42. hxg5 Be5 43. c4 Bxg3 44. Bxg4 Kg6 45. c5 Kxg5 46.
Bc8 b6 47. Kc4 a5 48. b5 Kf6 49. Kd5 Bf2 50. cxb6 1/2-1/2